000 00581nam a22001817a 4500
005 20151102151434.0
010 _aENG-113723
020 _a9789383946051
_c300.00
035 _aEN- 97255
037 _bDBAD/PUB
082 _a780.3
245 _aNucleus music terminology :
_cedited by Shalini
_benhance your subjective word power /
260 _aGreater Noida
_bNucieus Books & Encyclopedia
_c2015
270 _aOffice Add. 2nd Floor, B-31, Packet P3
_bGreater Noida
_e201308
300 _a192p.
_c21cm(pbk)
700 _aShalini
942 _2ddc
_cEN
_mNUC
_h780.3
999 _c95317
_d95317